Villes françaises par image - Statistiques

Statistiques générales
  • Ce quiz a été pris 127 fois
  • Le résultat moyen est 6 sur 12
Statistiques - réponses
Par images Réponse % Correct
Paris
99%
Marseille
78%
Le Mans
77%
Lyon
63%
Toulouse
46%
Versailles
42%
Nancy
36%
Nantes
26%
Bordeaux
24%
Strasbourg
24%
Metz
18%
Lille
17%
Aucun quiz correspondant
Distribution des résultats
% des personnes avec chaque résultat
Percentile par nombre de réponses
Votre historique - résultats
Vous n’avez pas pris ce quiz